000 00247nam a2200109Ia 4500
008 190216s9999||||xx |||||||||||||| ||und||
100 _aShulpin
245 0 _aLearning About Chemistry
260 _bMir Publishers
650 _aChemistry
942 _cBK
999 _c2756
_d2756